Intercultural business communication
Αποθηκεύτηκε σε:
| Κύριος συγγραφέας: | |
|---|---|
| Άλλοι συγγραφείς: | |
| Μορφή: | Βιβλίο |
| Γλώσσα: | English |
| Δημοσίευση: |
Upper Saddle River :
Prentice Hall,
1995
|
| Θέματα: | |
| Ετικέτες: |
Προσθήκη ετικέτας
Δεν υπάρχουν, Καταχωρήστε ετικέτα πρώτοι!
|
MARC
| LEADER | 00000nam a2200000 i 4500 | ||
|---|---|---|---|
| 001 | 1/57165 | ||
| 008 | 980512s1995 eng d | ||
| 020 | |a 0130387533 | ||
| 035 | |l 10028145 | ||
| 040 | |a GR-MY-UA |b gre |e aacr | ||
| 041 | 0 | |a eng | |
| 082 | 0 | |a 395.52 | |
| 100 | 1 | |a Chaney, Lillian H. | |
| 245 | 1 | 0 | |a Intercultural business communication / |c Lillian H. Chaney, Jeanette S. Martin |
| 260 | |a Upper Saddle River : |b Prentice Hall, |c 1995 | ||
| 300 | |a xvii, 267 p. | ||
| 504 | |a Includes index | ||
| 650 | 0 | 0 | |a Business etiquette. |
| 650 | 0 | 0 | |a Corporate culture. |
| 650 | 0 | 0 | |a Business communication. |
| 650 | 0 | 0 | |a Intercultural communication. |
| 700 | 1 | |a Martin, Jeanette S. | |
| 852 | |a INST |b CHIOS |e 19980512 |h 395.52 CHA |p 005200016546 |q 005200016546 |t BK |y 0 | ||
| 901 | |a BIBL-1998-2 | ||
| 909 | |a Χ |b 054521 | ||
| 922 | |a 2ΕΛΗ |b 199803 |c ΤΔΕ |d ΠΑΠΑΣΩΤΗΡΙΟΥ | ||